Osobitosti metodiky účtovníctva v poisťovniach

Saved in:
Bibliographic Details
Main Author: Majtánová, Anna
Format: Book Chapter
Language:Slovak
Tags: Add Tag
No Tags, Be the first to tag this record!

MARC

LEADER 00000naa$a2200000$$$4500
001 0062342
005 20240618130126.6
041 0 |a slo 
044 |a CZ 
245 1 0 |a Osobitosti metodiky účtovníctva v poisťovniach  |c Anna Majtánová 
100 1 |a Majtánová, Anna